Lịch sử tìm ra năng lượng nguyên tử

שמור ב:
מידע ביבליוגרפי
מחבר ראשי: Nguyễn Tứ
פורמט: ספר
שפה:Undetermined
יצא לאור: Tp. Hồ Chí Minh Trẻ 2004
נושאים:
תגים: הוספת תג
אין תגיות, היה/י הראשונ/ה לתייג את הרשומה!
Thư viện lưu trữ: Trung tâm Học liệu Trường Đại học Cần Thơ
LEADER 00575nam a2200205Ia 4500
001 CTU_92386
008 210402s9999 xx 000 0 und d
020 |c 11500 
082 |a 621.48 
082 |b T550 
100 |a Nguyễn Tứ 
245 0 |a Lịch sử tìm ra năng lượng nguyên tử 
245 0 |c Nguyễn Tứ 
260 |a Tp. Hồ Chí Minh 
260 |b Trẻ 
260 |c 2004 
650 |a Nuclear engineering 
650 |x History,Discovery 
904 |i Mai Loan(Tuyen) 
980 |a Trung tâm Học liệu Trường Đại học Cần Thơ